| 000 -LEADER |
| fixed length control field |
01938nam a22002777a 4500 |
| 005 - DATE AND TIME OF LATEST TRANSACTION |
| control field |
20190819152112.0 |
| 008 - FIXED-LENGTH DATA ELEMENTS--GENERAL INFORMATION |
| fixed length control field |
190819b ||||| |||| 00| 0 eng d |
| 020 ## - INTERNATIONAL STANDARD BOOK NUMBER |
| International Standard Book Number |
9780241317655 |
| 040 ## - CATALOGING SOURCE |
| Transcribing agency |
KH8 |
| 082 ## - DEWEY DECIMAL CLASSIFICATION NUMBER |
| Classification number |
940.4 GRA |
| 100 ## - MAIN ENTRY--PERSONAL NAME |
| Personal name |
Grant, R.G. |
| 245 ## - TITLE STATEMENT |
| Title |
World War I : |
| Remainder of title |
the definitive visual guide / |
| Statement of responsibility, etc. |
R.G. Grant ; [editorial consultant, Richard Overy]. |
| 246 ## - VARYING FORM OF TITLE |
| Title proper/short title |
World War I : |
| Remainder of title |
from Sarajevo to Versailles |
| 246 ## - VARYING FORM OF TITLE |
| Title proper/short title |
World war 1 |
| 246 ## - VARYING FORM OF TITLE |
| Title proper/short title |
World war one |
| 260 ## - PUBLICATION, DISTRIBUTION, ETC. |
| Place of publication, distribution, etc. |
London : |
| Name of publisher, distributor, etc. |
Dorling Kindersley , |
| Date of publication, distribution, etc. |
2018. |
| 300 ## - PHYSICAL DESCRIPTION |
| Extent |
372 pages : |
| Other physical details |
illustrations (some colour), maps (colour) ; |
| Dimensions |
31 cm |
| 505 ## - FORMATTED CONTENTS NOTE |
| Formatted contents note |
The troubled continent, 1870-1914 --<br/>Not over by Christmas 1914 --<br/>Stalemate 1915 --<br/>Year of battles 1916 --<br/>Revolution and disillusion 1917 --<br/>Victory and defeat 1918 --<br/>Aftermath 1919-1923. |
| 520 ## - SUMMARY, ETC. |
| Summary, etc. |
World War I: The Definitive Visual Guide takes you from the assassination of Archduke Franz Ferdinand to the Treaty of Versailles, through beautifully illustrated and easy to understand timelines. Recreate the experience of some of the most prominent battles, such as the Somme and Verdun, through compelling direct accounts from soldiers who fought as well as civilians who lived through the First World War. Marvel at the impressive weaponry and equipment used throughout the war, and learn more about the key figures, such as David Lloyd George and Joseph Joffre. Packed with images, maps, portraits, key artefacts and unforgettable first person accounts, World War I: The Definitive Visual Guide is an uniquely accessible military history of one of the world's most devastating conflicts.--Provided by publisher. |
| 650 ## - SUBJECT ADDED ENTRY--TOPICAL TERM |
| Topical term or geographic name entry element |
World War, 1914-1918 |
| Form subdivision |
Pictorial works. |
| 650 ## - SUBJECT ADDED ENTRY--TOPICAL TERM |
| Topical term or geographic name entry element |
World War, 1914-1918 |
| Form subdivision |
Campaigns. |
| 650 ## - SUBJECT ADDED ENTRY--TOPICAL TERM |
| Topical term or geographic name entry element |
World War, 1914-1918 |
| Form subdivision |
History. |
| 650 ## - SUBJECT ADDED ENTRY--TOPICAL TERM |
| Topical term or geographic name entry element |
World War, 1914-1918 |
| Form subdivision |
Chronology. |
| 700 ## - ADDED ENTRY--PERSONAL NAME |
| Personal name |
Overy, Richard |
| Relator term |
editorial consultant |
| 942 ## - ADDED ENTRY ELEMENTS (KOHA) |
| Source of classification or shelving scheme |
|
| Koha item type |
Books - Non Ficton |